|
|
|
|
| LEADER |
00825nam a2200253 4500 |
| 001 |
DLU210196471 |
| 005 |
##20210527 |
| 040 |
# |
# |
|a DLU
|b vie
|
| 041 |
# |
# |
|a vie
|
| 044 |
# |
# |
|a vn
|
| 100 |
# |
# |
|a Phạm Hoàng Mạnh Hà.
|
| 245 |
# |
# |
|a Định chế phong vương ở Việt Nam thời quân chủ /
|c Phạm Hoàng Mạnh Hà.
|
| 653 |
# |
# |
|a Định chế phong vương
|
| 653 |
# |
# |
|a Mạc Đăng Dung
|
| 653 |
# |
# |
|a Thời Lê Sơ
|
| 773 |
# |
# |
|t Tạp chí Khoa học xã hội Việt Nam
|g Số 2, 2019, tr. 51-57
|
| 920 |
# |
# |
|a Phòng Tạp chí -- Trung tâm Thông tin - Thư viện Trường Đại học Đà Lạt
|
| 900 |
# |
# |
|a True
|
| 911 |
# |
# |
|a Hoàng Thị Huyền
|
| 925 |
# |
# |
|a G
|
| 926 |
# |
# |
|a A
|
| 927 |
# |
# |
|a BB
|
| 980 |
# |
# |
|a Thư viện Trường Đại học Đà Lạt
|